| 000 | 00896nam a22002537a 4500 | ||
|---|---|---|---|
| 003 | OSt | ||
| 005 | 20210105115111.0 | ||
| 008 | 210105m19791980mx ad gr|||| 001 0 spa d | ||
| 020 |
_a9681805909 _qv.1 |
||
| 020 |
_a9681812476 _qv.2 |
||
| 040 |
_aCO-JMCR _cCO-JMCR |
||
| 041 | 0 | _aspa | |
| 082 | 0 | 4 |
_a658.57 / _bP918m _223 |
| 100 | 1 |
_aPrawda Witenberg, Juan, _eautor _912660 |
|
| 245 | 1 | 0 |
_aMétodos y modelos de investigación de operaciones / _cJuan Prawda Witenberg |
| 260 |
_aMéxico : _bLimusa, _c©1979 |
||
| 300 |
_a2 volúmenes : _bgráficos a blanco y negro ; _c23 cm. |
||
| 500 | _aIncluye datos biográficos del autor e índice onomástico y alfabético. | ||
| 505 | 0 |
_gv.1 _tmodelos determinísticos _gv.2 _tmodelos estocásticos |
|
| 650 | 1 | 4 |
_aInvestigación operacional _91721 |
| 650 | 1 | 4 |
_aAnálisis de sistemas _91155 |
| 650 | 2 | 4 |
_aModelos matemáticos _91740 |
| 942 |
_2ddc _cBK |
||
| 999 |
_c7046 _d7046 |
||